000 00687cam a22002053a 4500
001 44373
003 PGUSA
005 20140828084020.0
008 131206s2013||||xxu|||||s|||||000 | eng d
040 _aPGUSA
_beng
042 _adc
100 1 _aAuguis, Pierre René
245 1 0 _aOeuvres Complètes de Chamfort, (Vol. 5/5) :
_brecueillies et publiées, avec une notice historique sur la vie et les écrits de l'auteur.
_h[electronic resource] /
_cPierre René Auguis
260 _bProject Gutenberg,
_c2013
506 _aPublic domain in the USA.
516 _aElectronic text
830 0 _aProject Gutenberg
_v44373
856 4 0 _uhttp://www.gutenberg.org/ebooks/44373
942 _cEB
999 _c273624
_d273624